000
00322nam a22001457a 4500
003
SGT
020
_a
9789395759199
082
_a
346
_b
BAN
100
_a
BANGIA R K
245
_a
THE NEGOTIABLE INSTRUMENT ACT 1881
250
_a
13
260
_a
FARIDABAD
_b
ALLAHABAD LAW AGENCY
_c
2023
300
_a
263
942
_2
ddc
_c
BK
999
_c
34079
_d
34079